Monkey see, Monkey doo / (Record no. 105607)
[ view plain ]
| 000 -LEADER | |
|---|---|
| fixed length control field | 00515nam a2200181 a 4500 |
| 005 - DATE AND TIME OF LATEST TRANSACTION | |
| control field | 20140412111408.0 |
| 008 - FIXED-LENGTH DATA ELEMENTS--GENERAL INFORMATION | |
| fixed length control field | 070705s19uu xx 00 eng d |
| 020 ## - INTERNATIONAL STANDARD BOOK NUMBER | |
| International Standard Book Number | 0-590-45801-9 |
| 050 ## - LIBRARY OF CONGRESS CALL NUMBER | |
| Classification number | ER |
| Item number | Mo74 1993 |
| 100 ## - MAIN ENTRY--PERSONAL NAME | |
| Personal name | Gave, Marc |
| 245 ## - TITLE STATEMENT | |
| Title | Monkey see, Monkey doo / |
| Statement of responsibility, etc | Marc Gave. |
| 260 ## - PUBLICATION, DISTRIBUTION, ETC. (IMPRINT) | |
| Place of publication, distribution, etc | New York : |
| Name of publisher, distributor, etc | Scholastic, |
| Date of publication, distribution, etc | 1993. |
| 440 ## - SERIES STATEMENT/ADDED ENTRY--TITLE | |
| Title | Scholastic reader |
| 520 ## - SUMMARY, ETC. | |
| Summary, etc | Rhyming text relates the antics of monkeys that play all day. |
| 650 ## - SUBJECT ADDED ENTRY--TOPICAL TERM | |
| Topical term or geographic name as entry element | Play - Fiction |
| Withdrawn status | Lost status | Damaged status | Home library | Current library | Shelving location | Date acquired | Source of acquisition | Total Checkouts | Full call number | Barcode | Date last seen | Price effective from | Koha item type |
|---|---|---|---|---|---|---|---|---|---|---|---|---|---|
| Elizalde Library | Elizalde Library | Easy Reading Section | 07/05/2007 | ER Mo74 1993 | E10427 | 04/12/2014 | 04/12/2014 | Books | |||||
| Elizalde Library | Elizalde Library | Easy Reading Section | 07/05/2007 | ER Mo74 1993 | E10668 | 04/12/2014 | 04/12/2014 | Books |